| 000 | 01416nam0a22003611 4500 | ||
|---|---|---|---|
| 001 | rc\2780585 | ||
| 005 | 20250806210044.0 | ||
| 035 | _a(NLR Aleph) 006906821 | ||
| 090 |
_a16474 _c16474 |
||
| 100 | _a20110915d1942 u y0rusy50 ca | ||
| 101 | 0 | _arus | |
| 102 | _aRU | ||
| 105 | _ay z ||||| | ||
| 135 | _acrbn 008apadp | ||
| 200 | 1 | _aВся страна с героическим Ленинградом | |
| 210 |
_aЛенинград _cГосполитиздат _d1942 |
||
| 215 |
_a44 с. _d17 см. |
||
| 325 | _aКопия доступна в Электрон. б-ке РНБ | ||
| 700 | 1 |
_aВоронов _bН. И. _cочеркист _gНиколай Иванович _3RU\NLR\AUTH\770140360 |
|
| 801 | 0 |
_aRU _bNLR _gpsbo |
|
| 801 | 1 |
_aRU _bELAR _2rusmarc |
|
| 852 |
_aNLR _jИр50 Г-2/1494 |
||
| 856 | 0 | _uhttp://vivaldi.nlr.ru/ab000001779/view | |
| 856 | 1 | _uhttp://vivaldi.nlr.ru/ab000001779/cover | |
| 856 | 2 | _uhttp://vivaldi.nlr.ru/ab000001779/text | |
| 901 | _eКнижные издания | ||
| 942 | _cBOOK | ||
| 945 | _aРоссийская национальная библиотека | ||
| 980 | _aNB | ||
| 980 | _aBV | ||
| 981 | 3 | 7 |
_a(37) Ленинград в Великой Отечественной войне _b(37) Книги блокадного Ленинграда |
| 981 | 3 | 4 | _a(34) Санкт-Петербург |